000
00213 a2200085 4500
020
_a
978-1032152080
100
_a
Drew Spaniel
245
_a
Securing the Nation’s Critical Infrastructures
260
_b
CRC Press
_c
2022
999
_c
13120
_d
13120